000 00288nam a22001337a 4500
008 170405b xxu||||| |||| 00| 0 eng d
020 _a0878573410
041 _aeng
080 _a574
100 _a9
101 _aSHM
245 _aSQUARE FOOT GARDENING
_cBARTHOLOMEW.M
942 _2udc
_cBK
999 _c9696
_d9696